|
|
|
|
| LEADER |
00000naa a2200000uu 4500 |
| 001 |
vtls010951815 |
| 003 |
SK-MaSNL |
| 005 |
20260302123607.0 |
| 008 |
210906|2000 xo |||||||||||||||||slo| |
| 015 |
|
|
|a SNBRA
|
| 035 |
|
|
|a (urnnbn)urn:nbn:sk:snk:ar-a0bkbm
|
| 035 |
|
|
|a (uuid)5e14b488-7584-48f7-ac54-b50b693f60ee
|
| 035 |
|
|
|a urn:nbn:sk:snk-aauccr
|
| 040 |
|
|
|a SNKBUCL
|b slo
|c SNKBUCL
|e AACR2
|
| 041 |
0 |
|
|a slo
|
| 044 |
|
|
|a xo
|c SK
|
| 100 |
1 |
|
|a Kafková, Eva
|4 aut
|9 744695
|
| 245 |
1 |
0 |
|a K niektorým špecifikám a moderným trendom marketingu v poisťovníctve
|c Eva Kafková
|
| 773 |
0 |
|
|t Ekonomika firiem 2000
|d Bratislava : Ekonóm, 2000
|g S. 264-269
|z 8022513083
|
| 958 |
|
|
|a OND
|
| 958 |
|
|
|a article11
|
| 958 |
|
|
|a chapter
|
| 999 |
|
|
|c 1283743
|d 1285673
|